Sabrina Carpenter - Paroles pushing 20 - Statistiques

Statistiques générales
  • Ce quiz a été pris 6 fois
  • Le résultat moyen est 356 sur 448
Statistiques - réponses
Hint Réponse % Correct
&
100%
I
100%
me,
100%
me
100%
Push
100%
pushing
100%
20
80%
a
80%
a,
80%
ain't
80%
away
80%
be,
80%
Clean
80%
controlla
80%
different
80%
down
80%
faith
80%
feeling
80%
flagging
80%
for
80%
from
80%
got
80%
Hall
80%
I'm
80%
in
80%
It
80%
it
80%
look
80%
luck
80%
mezzanine
80%
Mr.
80%
must
80%
my
80%
no
80%
No,
80%
no,
80%
nor
80%
Oates
80%
of
80%
on
80%
Or
80%
others
80%
Out
80%
out,
80%
out
80%
page
80%
rewind
80%
same
80%
say
80%
tell
80%
the
80%
think
80%
time
80%
time,
80%
to
80%
tryna
80%
Tryna
80%
wave,
80%
what
80%
Who
80%
wish
80%
Couplet 1 W-w-w-whatcha
80%
yeah,
80%
you
80%
You
80%
your
80%
yours
80%
Act
60%
And
60%
beamer
60%
believer
60%
'bout
60%
but
60%
can
60%
da
60%
don't
60%
give
60%
had
60%
just,
60%
like
60%
make
60%
messing
60%
meter
60%
misdemean,
60%
money's
60%
paint
60%
picture
60%
running
60%
scratch,
60%
So
60%
start
60%
talking
60%
'til
60%
touch,
60%
wasting
60%
way,
60%
while
60%
with
60%
you're
60%
took
40%
unhh
0%
Aucun quiz correspondant
Distribution des résultats
% des personnes avec chaque résultat
Percentile par nombre de réponses
Votre historique - résultats
Vous n’avez pas pris ce quiz